| 000 | 00336 a2200145 4500 | ||
|---|---|---|---|
| 001 | 167964 | ||
| 020 | _a | ||
| 040 | _cMagnum | ||
| 100 | _aCarvalho, Yara Maria de | ||
| 240 | 1 | 0 |
_aO mito da atividade fisica e saude _lpor |
| 245 | 1 | 0 | _aO mito da atividade fisica e saude |
| 362 | 0 | _a1899 | |
| 697 | _aEDUCACAO FISICA | ||
| 942 | _cBK | ||
| 999 |
_c167964 _d167964 |
||